000 00751nam a2200169 a 4500
008 180213s2016 ||||||||||||||||| || u
050 _aCBU-PG THESIS/MUT
100 _aMutale, Mark Paul
245 1 3 _aAn assessment of financial literacy amongst Mopani Copper Mines employees at Nkana mine site Kitwe, Zambia.
_cby Mark Paul Mutale
260 _aKitwe
_bCopperbelt University
_c2016
300 _ax, 94p.: ill.
500 _aIncludes bibliography
650 _aFINANCIAL LITERACY--ZAMBIA
650 _aFINANCE, PERSONAL--STUDY AND TEACHING--KITWE
650 _aBANKS AND BANKING
995 _FCBU-MAIN LIBRARY (Kitwe)
_M1
_UAVAILABLE
_WFeb 13, 2018
_XCopperbelt University
_ZUniversity Collection
999 _c35028
_d35028